000 00481nam a22001817a 4500
003 PILC
005 20151014120509.0
008 140108b xxu||||| |||| 00| 0 eng d
020 _a0451206851
050 _aBL 783
_b.M98 2003
100 _aMartin, Richard
245 _aMyths of the ancient greeks /
_cRichard Martin.
260 _aOxford :
_bButterworth-Heinemann,
_cc2003.
300 _a313 p. ;
_c25 cm.
650 _aMythology
_xGreek.
942 _2lcc
_cBK
999 _c25954
_d25954